00997nab a22002177a 4500003000400000005001700004008004100021040000700062100002700069245009100096260007200187300001300259500005100272505014000323505008900463650002400552650002800576650002200604650001500626773013800641OSt20260116204355.0190605e xxu||||| |||| 00| 0 spa d cPJ aElmelaj, María Laura10aDecreto 342/2025 : b¿autonomía sindical o "motosierra"? /cMaría Laura Elmelaj.  aCiudad Autónoma de Buenos Aires :bThomson Reuters La Ley,c2025. ap. 40-48 aCita Online: Cita: TR LALEY AR/DOC/1793/2025. aSumario: I. Introducción.— II. Los dispositivos antes de la reforma.— III. La reforma.— IV. Reflexiones.— V. Bibliografía.  t¿Te interesa el texto completo? Solicitalo al correo: koha@justierradelfuego.gov.ar 0aDERECHOS SINDICALES 0aASOCIACIONES SINDICALES 0aLIBERTAD SINDICAL 0aELECCIONES0 02711dCiudad Autónoma de Buenos Aires : Thomson Reuters La Ley, 1999-2002.tRevista de derecho del trabajo. Nº 5 - Septiembre 2025